| 000 | 02586nam0a2200385 4500 | ||
|---|---|---|---|
| 001 | RU\NLR\BIBL_A\010881490 | ||
| 005 | 20260405054127.0 | ||
| 010 |
_a978-5-7212-0566-8 _9100 |
||
| 021 |
_aRU _b2015-78058 _94721 |
||
| 035 | _a(NILC)RuMoRGB-008037930 | ||
| 035 | _a(NLR Aleph) 010881490 | ||
| 090 |
_a10506893 _c10506893 |
||
| 100 | _a20151105d2013 |||y0rusy50 ca | ||
| 101 | 0 | _arus | |
| 102 | _aRU | ||
| 105 | _aa|||z|||000yy | ||
| 200 | 1 |
_aИнновационные технологии индивидуально-личностного развития обучающихся в условиях введения ФГОС _e(из опыта работы базовых площадок) _eметодические рекомендации _fВ. Г. Гульчевская, Н. Г. Осадченко, Т. И. Рудая _gнауч. ред. С. Ф. Хлебунова _gГос. бюджет. образоват. учреждение доп. проф. образования Ростов. обл. "Ростов. ин-т повышения квалификации и проф. переподгот. работников образования" (ГБОУ ДПО РО РИПК и ППРО), [Федер. целевая прогр. развития образования на 2011-2015 годы] |
|
| 210 |
_aРостов-на-Дону _cИзд-во ГБОУ ДПО РО РИПК и ППРО _d2013 |
||
| 215 |
_a158, [1] с. _cил., табл. _d21 |
||
| 320 | _aБиблиогр. в конце кн. (13 назв.) | ||
| 606 | 1 |
_aШколы _jМетодические пособия _xПреподавание _xИндивидуальный подход _92111607 _3RU\NLR\AUTH\661579568 |
|
| 606 | 1 |
_aСреднее образование _jМетодические пособия _xИнновации _92484031 _3RU\NLR\AUTH\661474377 |
|
| 610 | 0 | _aиндивидуально-диагностические модели в процессе обучения | |
| 675 | _a373 | ||
| 686 | 1 | _aЧ421.223.23я8 | |
| 686 | 1 | _aЧ421.2я8 | |
| 700 | 1 |
_8rus _7ca _aГульчевская _bВ. Г. _gВера Георгиевна _3RU\NLR\AUTH\7717918 _91002 |
|
| 701 | 1 |
_aОсадченко _bН. Г. _gНаталья Геннадьевна |
|
| 701 | 1 |
_aРудая _bТ. И. _cканд. пед. наук, образовательные технологии _gТатьяна Ильинична _9148518 _3RU\NLR\AUTH\770148554 |
|
| 801 | 0 |
_aRU _bРГБ _c20151007 _gRCR |
|
| 942 | _cBOOK | ||
| 980 | _aNBR | ||
| 980 | _aNB | ||